01144cam a2200265 a 450000100100000000500170001000800410002702000150006804000230008308200180010610000360012424501460016026000730030630000280037950400410040765100500044865100490049865100300054765100310057765000650060870000350067391000340070895201210074299900150086300000285820200929150255.0971215s1997 mx a b 001 0 spa d a9686384200 aDO-SdBNPcGZMdDLC a972.86bM722c1 aMolina Jiménez, Iván.9906513aLa sonora libertad del viento :bsociedad y cultura en Costa Rica y Nicaragua (1821-1914) /cIván Molina Jiménez, Patricia Fumero Vargas. aMéxico :bInstituto Panamericano de Geografía e Historia,c1997. a171 p. :bil. ;c23 cm. aIncluye referencias bibliográficas 4aCosta RicaxVida IntelectualySIGLO XIX99066 4aNicaraguaxVida IntelectualySIGLO XIX99067 4aNicaraguaxHistorya99068 4aCosta RicaxHistoria99069 4aNavidadeszCosta RicazSan JoséxHistoriaySIGLO XIX990701 aFumero Vargas, Patricia.99071 aCatalogación por copia / LC 001052708MOaGRbGRcCTd2009-07-04iLF1l0o972.86 M722cp2858-10r2020-06-25w2020-06-25y2ZPréstamo interno c2692d2692